All Indian International Airports by Code - Statistics

General Stats
  • This quiz has been taken 6 times
  • The average score is 23 of 38
Answer Stats
Airport Code Answer % Correct
AMD Ahmedabad (GJ)
100%
BLR Bengaluru (KA)
100%
MAA Chennai (TN)
100%
DEL Delhi (DL)
100%
HYD Hyderabad (TG)
100%
JAI Jaipur (RJ)
100%
COK Kochi (KL)
100%
CCU Kolkata (WB)
100%
LKO Lucknow (UP)
100%
BOM Mumbai (MH)
100%
ATQ Amritsar (PB)
83%
NAG Nagpur (MH)
83%
VNS Varanasi (UP)
83%
CJB Coimbatore (TN)
67%
CCJ Kozhikode (KL)
67%
IXZ Port Blair (AN)
67%
HSR Rajkot (GJ)
67%
STV Surat (GJ)
67%
BBI Bhubaneshwar (OD)
50%
IXE Mangaluru (KA)
50%
VGA Vijayawada (AP)
50%
VOX Visakhapatnam (AP)
50%
AYJ Ayodhya (UP)
33%
GOI Dabolim (GA)
33%
GAU Guwahati (AS)
33%
HSS Hisar (HR)
33%
IMF Imphal (MN)
33%
CNN Kannur (KL)
33%
KBK Kushinagar (UP)
33%
HWR Ludhiana (PB)
33%
GOX Mopa (GA)
33%
ISK Nashik (MH)
33%
NMI Navi Mumbai (MH)
33%
DXN Noida (UP)
33%
SAG Shirdi (MH)
33%
TRV Thiruvananthapuram (KL)
33%
TRZ Tiruchirappalli (TN)
33%
TIR Tirupati (AP)
33%
No matching quizzes found
Score Distribution
Percent of People with Each Score
Percentile by Number Answered
Your Score History
You have not taken this quiz